000 00429nam a2200169Ia 4500
008 231217s9999 xx 000 0 und d
020 _a8178813572
041 _aEnglish
082 _a332.45 CHO;1 R
100 _aChowdary, Nagendra ed.
245 0 _aForeign exchange reserves : concepts and cases
250 _a1st ed.
260 _c2004
_bICFAI Press
_aHyderabad
300 _ax, 195
650 _aICFAI
942 _cAA
999 _c181449
_d181449